Donna forte (Record n. 37832)

Dettagli MARC
000 -LEADER
fixed length control field 00932nam a22001817a 4500
003 - CONTROL NUMBER IDENTIFIER
control field IT-RoPau
005 - DATE AND TIME OF LATEST TRANSACTION
control field 20220918175938.0
008 - FIXED-LENGTH DATA ELEMENTS--GENERAL INFORMATION
fixed length control field 130124b xxu||||| |||| 00| 0 eng d
040 ## - CATALOGING SOURCE
Transcribing agency IT-RoPau
100 ## - MAIN ENTRY--PERSONAL NAME
Personal name Merlo, Tecla
9 (RLIN) 233
245 ## - TITLE STATEMENT
Title Donna forte
250 ## - EDITION STATEMENT
Edition statement I
260 ## - PUBLICATION, DISTRIBUTION, ETC. (IMPRINT)
Place of publication, distribution, etc. Roma, Via Tiburtina
Name of publisher, distributor, etc. G.A.I. S.p.a - Stabilimento Apollon
Date of publication, distribution, etc. ?1964?
300 ## - PHYSICAL DESCRIPTION
Extent s.n.p.
Dimensions 24, 5 cm
490 ## - SERIES STATEMENT
Volume/sequential designation 8° Vol.
520 ## - SUMMARY, ETC.
Summary, etc. Indice<br/><br/>Donna forte<br/>1914 - <br/>L'albero buono<br/>Tu conosci il mio cammino e il corso della mia vita<br/>Ecco l'ancella del Signore<br/>1918<br/>Il mio Dio è sostegno della mia speranza<br/>La donna forte<br/>Il suo linguaggio<br/>Il suo sguardo<br/>La sua gioia<br/>Compiendo la carità nella verità<br/>Cittadina del mondo intero<br/>Come la rena del mare<br/>Il suo grande cuore ha fatto questo<br/>5 Febbraio 1964 - La Rima Maestra é entrata nella luce<br/>Questo è opera del Signore ed' è opera meravigliosa<br/> ai nostri occhi<br/><br/>
942 ## - ADDED ENTRY ELEMENTS (KOHA)
Source of classification or shelving scheme Dewey Decimal Classification
Koha item type RIVISTA
Dati di copia
Withdrawn status Lost status Source of classification or shelving scheme Damaged status Not for loan Home library Current library Date acquired Total Checkouts Full call number Date last seen Price effective from Koha item type
    Dewey Decimal Classification Buone Condizioni Not For Loan PAULUS-BIBLIOTECA PAULUS-BIBLIOTECA 24/01/2013   P B4 24/01/2013 24/01/2013 LIBRO
    Dewey Decimal Classification Buone Condizioni Not For Loan PAULUS-BIBLIOTECA PAULUS-BIBLIOTECA 24/01/2013   P B4 24/01/2013 24/01/2013 LIBRO
    Dewey Decimal Classification Buone Condizioni Not For Loan PAULUS-BIBLIOTECA PAULUS-BIBLIOTECA 16/12/2013   P B4 16/12/2013 16/12/2013 LIBRO
CREDITS: SOCIETA' SAN PAOLO Via A.Severo, 58 - ROMA (RM) & PERIODICI SAN PAOLO SRL Via Giotto, 36 MILANO & CISF Via Giotto, 36 MILANO & EDIZIONI SAN PAOLO SRL,  Piazza Soncino, 5 CINISELLO BALSAMO (MI) -- ITALY